00409nam a2200145Ia 450000500170000000800410001702000150005808200130007310000140008624500250010025000080012526000400013330000130017350000770018620250701024729.0240331s9999 xx 000 0 und d a9551178068 bFONa891 aFonseka,L 0aNiwase paladayithawa a3rd aMaradanab Sadeepa Publishersc2007 a200 p ., aNiwase Paladayithawa - Without unity, there is no happiness in the house